<?xml version="1.0" encoding="UTF-8"?>
<record
    xmlns:xsi="http://www.w3.org/2001/XMLSchema-instance"
    xsi:schemaLocation="http://www.loc.gov/MARC21/slim http://www.loc.gov/standards/marcxml/schema/MARC21slim.xsd"
    xmlns="http://www.loc.gov/MARC21/slim">

  <leader>01451nam a22002177a 4500</leader>
  <controlfield tag="005">20220330160119.0</controlfield>
  <controlfield tag="008">220326b           ||||| |||| 00| 0 eng d</controlfield>
  <datafield tag="020" ind1=" " ind2=" ">
    <subfield code="a">9781292304595</subfield>
  </datafield>
  <datafield tag="040" ind1=" " ind2=" ">
    <subfield code="c">AL</subfield>
  </datafield>
  <datafield tag="041" ind1=" " ind2=" ">
    <subfield code="a">eng</subfield>
  </datafield>
  <datafield tag="082" ind1=" " ind2=" ">
    <subfield code="2">23</subfield>
    <subfield code="a">650.1</subfield>
    <subfield code="b">CAMB</subfield>
  </datafield>
  <datafield tag="100" ind1=" " ind2=" ">
    <subfield code="a">Sheila, Cameron</subfield>
    <subfield code="9">26144</subfield>
  </datafield>
  <datafield tag="245" ind1=" " ind2=" ">
    <subfield code="a">Business students handbook</subfield>
    <subfield code="b">Skills for study and employment</subfield>
  </datafield>
  <datafield tag="250" ind1=" " ind2=" ">
    <subfield code="a">7th ed.</subfield>
  </datafield>
  <datafield tag="260" ind1=" " ind2=" ">
    <subfield code="a">New York</subfield>
    <subfield code="b">Pearson Education</subfield>
    <subfield code="c">2021</subfield>
  </datafield>
  <datafield tag="300" ind1=" " ind2=" ">
    <subfield code="a">xxii,518p.</subfield>
    <subfield code="b">PB</subfield>
    <subfield code="c">24.5x19cm.</subfield>
  </datafield>
  <datafield tag="365" ind1=" " ind2=" ">
    <subfield code="2">General</subfield>
    <subfield code="a">6471</subfield>
    <subfield code="b">&#x20B9;2477.23</subfield>
    <subfield code="c">&#x20B9;</subfield>
    <subfield code="d">&#x20B9;3175.94</subfield>
    <subfield code="e">22%</subfield>
    <subfield code="f">12-03-2022</subfield>
  </datafield>
  <datafield tag="520" ind1=" " ind2=" ">
    <subfield code="a">The Business Student&#x2019;s Handbook, 7th Edition, by Cameron brings together personal skills, study skills and employability skills to help students succeed in their academic and professional lives. Designed to support both online and face-to-face study, the book discusses transferable skills such as self-management, teamwork, planning and critical thinking to help you become a highly desirable graduate. A strong emphasis on project management, data analysis, communication skills and presentation skills makes this an essential resource for any business student. The TECHSkills boxes focus on your digital skills to ensure you are making the most of the best tools found online. Additionally, this handbook is all about applying theory to practice and covers up-to-date exercises, practical suggestions and tips.   </subfield>
  </datafield>
  <datafield tag="650" ind1=" " ind2=" ">
    <subfield code="2">Management</subfield>
    <subfield code="a">Business</subfield>
    <subfield code="9">26145</subfield>
  </datafield>
  <datafield tag="942" ind1=" " ind2=" ">
    <subfield code="2">ddc</subfield>
    <subfield code="c">BK</subfield>
  </datafield>
  <datafield tag="999" ind1=" " ind2=" ">
    <subfield code="c">222040</subfield>
    <subfield code="d">222040</subfield>
  </datafield>
  <datafield tag="952" ind1=" " ind2=" ">
    <subfield code="0">0</subfield>
    <subfield code="1">0</subfield>
    <subfield code="2">ddc</subfield>
    <subfield code="4">0</subfield>
    <subfield code="7">0</subfield>
    <subfield code="8">MCOMFA</subfield>
    <subfield code="a">SACPG</subfield>
    <subfield code="b">SACPG</subfield>
    <subfield code="d">2022-03-14</subfield>
    <subfield code="e">Biblios Book Point</subfield>
    <subfield code="g">2477.23</subfield>
    <subfield code="l">0</subfield>
    <subfield code="o">650.1 CAMB</subfield>
    <subfield code="p">PG023904</subfield>
    <subfield code="r">2022-08-24 00:00:00</subfield>
    <subfield code="v">3175.94</subfield>
    <subfield code="w">2022-03-26</subfield>
    <subfield code="y">BK</subfield>
  </datafield>
</record>
